000 00795nam a22002777a 4500
001 7060
003 DO-SdBNP
005 20180222100929.0
007 7060
008 871210s 1984 sp a spa
016 7 _2BPMSU
020 _a8471766698
040 _aBPMSU
_bspa
_cBPMSU
_e
080 0 _a
100 1 _aMontgomery, R. A.
240 1 _aThe haunted house /
245 1 3 _aLa casa encantada /
_cR. A. Montgomery ; ilustraciones Paul Granger
260 1 _aBarcelona;
_bTimun mas,
_c1984.
300 _a56 p.;
_bil.
_c20 cm.
490 0 _aElige tu propia aventura - globo azul
_v2
700 1 _aGranger, Paul
_eil.
830 0 _aElige tu propia aventura - globo azul
_v2
942 _2ddc
_cBK
945 _aInventariado, 2018/ YL
956 _aVMATEO
_210
_320151123
_6BPMSU
_800151
999 _c8872
_d8872